Top 10 des paesi più protestanti in Europa - Statistics

Statistiche generali
  • Questo quiz è stato fatto 254 volte
  • Il punteggio medio è 9 su 10
Statistiche sulle risposte
% Paesi % Corretto
27 Germania
97%
72 Finlandia
93%
82 Norvegia
93%
64 Svezia
93%
76 Danimarca
89%
19 Paesi Bassi
89%
50 Regno Unito
88%
25 Svizzera
79%
76 Islanda
75%
20 Lettonia
64%
Nessun quiz corrispondente trovato
Distribuzione punteggi
Percentuale di utenti per punteggio
Percentile per numero di risposta
I tuoi punteggi nel tempo
Non hai fatto questo quiz